000 00649nam a2200229Ia 4500
003 OSt
005 20220923230745.0
006 a|||||r|||| 00| 0
007 ta
008 Pun
024 _a305,331
037 _cTextual
040 _aARTS
_cARTS
_bPun
041 _2Pun
_aPun
082 _aQ8441:33, 153K9
100 _aਗੁਪਤਾ, ਹਰੀ ਰਾਮ
_9156265
245 0 _aਗੁਰੂ ਨਾਨਕ ਦੇਵ ਜੀ ਦਾ ਸੰਖੇਪ ਜੀਵਨ ਚਿੱਤਰ
260 _c1969
650 _aਧਰਮ
942 _hQ8441:33, 153K9
_cTEXL
_2CC
999 _c387134
_d387134